Onde estão as crianças? / (Record no. 159)

MARC details
000 -LÍDER
campo de controle de tamanho fixo 02143nam a2200301 4500
001 - NÚMERO DE CONTROLE
campo de controle 159
003 - IDENTIFICADOR DO NÚMERO DE CONTROLE
campo de controle OSt
005 - DATA E HORÁRIO DA ÚLTIMA TRANSAÇÃO
campo de controle 20250528074013.0
008 - CAMPO DE DADOS FIXOS--INFORMAÇÃO GERAL
campo de controle de tamanho fixo 250129b |||||||e |||| 00| 1 eng d
040 ## - FONTE DA CATALOGAÇÃO
Idioma da catalogação por
041 ## - CÓDIGO DE IDIOMA
Código do idioma do original e/ou traduções intermediárias do texto eng
Código do idioma do texto/trilha sonora ou título diferente por
082 ## - CDD - CLASSIFICAÇÃO DECIMAL DE DEWEY
Número de Classificação 813
Número do exemplar C592o
100 1# - ENTRADA PRINCIPAL--NOME PESSOAL
Nome pessoal Clark, Mary Higgins,
Datas associadas ao nome 1927-2020
9 (RLIN) 301
240 ## - TÍTULO UNIFORME
Título uniforme Where are the children?
245 ## - TÍTULO
Título Onde estão as crianças? /
Indicação de responsabilidade, etc. Clark, Mary Higgins ; Tradução de Magali Garcindo de Sá
260 ## - PUBLICAÇÃO, DISTRIBUIÇÃO, ETC.
Local de publicação, distribuição, etc. São Paulo
Nome do editor, distribuidor, etc. Círculo do Livro
Data da publicação, distribuição, etc. 1992
300 ## - DESCRIÇÃO FÍSICA
Extensão 176 p.
520 ## - NOTA DE RESUMO, ETC.
Resumo, etc. "Onde estão as crianças?" foi o primeiro romance policial lançado por Mary Higgins Clark.<br/>"Onde estão as crianças?" é a história de uma mulher cujo passado guarda um terrível segredo. Em um tribunal da Califórnia, Nancy Harmon foi considerada culpada pelo assassinato de seus dois filhos, mas foi libertada da prisão por uma questão técnica do julgamento. Decidida a começar uma nova vida, ela muda a identidade e deixa São Francisco, procurando a tranqüilidade de Cape Cod, no litoral de Massachusetts. Sete anos após o julgamento, Nancy está novamente casada e tem dois filhos: Michael e Missy. Enfim ela sente que conseguiu recuperar tudo o que havia perdido. E é então que o pesadelo recomeça.<br/><br/>Um jornal local de Cape Cod publica um artigo sobre um famoso caso de assassinato na Califórnia que envolveu uma mãe acusada de matar os dois filhos. Na matéria, há uma foto de Nancy. Na mesma manhã, Michael e Missy desaparecem. As crianças estavam brincando no quintal quando desaparecem... E a única pista é uma luva vermelha de Missy.<br/><br/>Enquanto Nancy se torna a principal suspeita do desaparecimento dos filhos, ninguém na pequena cidade de Cape Cod está ciente de um estranho em seu meio, alguém cujos planos para se vingar vêm sendo alimentados há sete anos.<br/>
650 #0 - ASSUNTO--TERMO TÓPICO
Cabeçalho tópico ou nome geográfico Literatura Americana
9 (RLIN) 84
650 #0 - ASSUNTO--TERMO TÓPICO
Cabeçalho tópico ou nome geográfico Crime e Investigação
9 (RLIN) 13
650 #0 - ASSUNTO--TERMO TÓPICO
Cabeçalho tópico ou nome geográfico Romance Policial
9 (RLIN) 11
650 #0 - ASSUNTO--TERMO TÓPICO
Cabeçalho tópico ou nome geográfico Suspense
9 (RLIN) 10
650 #0 - ASSUNTO--TERMO TÓPICO
Cabeçalho tópico ou nome geográfico Mistério
9 (RLIN) 42
655 #0 - TERMO DE ÍNDICE--GÊNERO E FORMA
Gênero/forma/ou termo foco Romance
655 #0 - TERMO DE ÍNDICE--GÊNERO E FORMA
Gênero/forma/ou termo foco Ficção
700 ## - ENTRADA ADICIONADA - NOME PESSOAL
Nome pessoal Magali Garcindo de Sá
Função do autor por extenso Tradutor
9 (RLIN) 303
942 ## - ELEMENTOS DE ENTRADA ADICIONADOS (KOHA)
Fonte de classificação ou esquema de arquivamento Classificação decimal de Dewey
Ocultar no OPAC Não
Tipo de material Koha Livros
Holdings
Situação do descarte Situação das perdas Fonte de classificação ou esquema de arquivamento Status danificado Não pode ser emprestado Coleção Biblioteca de origem Biblioteca atual Localização na estante Data de aquisição Fonte de aquisição Total de empréstimos Número de chamada completo Código de barras Data de último acesso Data do preço efetivo Tipo de material Koha
    Classificação decimal de Dewey     Ficção Biblioteca Professor Eduardo Afonso de Castro Biblioteca Professor Eduardo Afonso de Castro Literatura Estrangeira 11.03.1991 doação   813 / C592o 2025-8939 29.01.2025 29.01.2025 Livros

Powered by Koha